| 000 | 00648nam a22001817a 4500 | ||
|---|---|---|---|
| 003 | OSt | ||
| 005 | 20250729060843.0 | ||
| 008 | 250729b |||||||| |||| 00| 0 eng d | ||
| 040 |
_aDWC-Main Lib _cOC |
||
| 082 | _aFil. 658.5 Ad244 2024 | ||
| 100 | _aAbante, Marmelo V. | ||
| 245 |
_aAdvanced production and operations management/ _cMarmelo V. Abante [and eight others] |
||
| 260 |
_aManila, Philippines : _bUnlimited Books Library Services & Publishing, _cc2024. |
||
| 300 |
_avi, 320 pages : _billustrations ; _c25cm. |
||
| 504 | _aIncludes bibliographic references. | ||
| 650 | _a1. Management of production. | ||
| 942 |
_2ddc _cBK - FIL _kFil. _n0 |
||
| 999 |
_c3865 _d3865 |
||